Responses for Show #4835 - Friday, September 23, 2005

(Alex: On today's Jeopardy!, we have a contestant from New Orleans, Deborah Slattery. This episode was taped prior to the devastation of Hurricane Katrina, but we have confirmed with Deborah that she and her family are safe and well. And, of course, our thoughts and prayers go out to all of those affected by Katrina.)

Contestants

[<< previous game]

Heather Pharo, a writer from Manahawkin, New Jersey

Andrew Segal, a student originally from Toronto, Ontario, Canada

Deborah Slattery, a homemaker from New Orleans, Louisiana (whose 1-day cash winnings total $12,300)

[next game >>]

Jeopardy! Round responses

SPORTS MOVIES
REMEMBER THE TITANS
MILLION DOLLAR BABY
THE BAD NEWS BEARERS
THE HURRICANE
ALL THE "RIGHT" MOVES
    $200 1
Rudy

Heather
    $200 7
Prometheus

Heather
    $200 17
Greece

Heather
    $200 10
the Tet Offensive

Deborah
    $200 22
November

Heather
    $200 5
a right whale

Andrew
    $400 2
(Deborah: What is The Champ?)

Raging Bull

DeborahAndrew
    $400 27
the Muses

Andrew
    $400 18
Nicky Hilton

Heather
    $400 11
(Edward R.) Murrow

Deborah
    $400 23
(Alex: Andrew.)
(Andrew: What is [*]?)
(Alex: [*] is right!)

Andrew

Andrew
    $400 8
right-click

Heather
    $600 3
(Alex: That was Robert Redford as [*].)

The Natural

Triple Stumper
    $600 28
Gaia

Heather
    $1,000 19
(Heather: Who is... Margaret Mitchell?)
(Alex: No, you had to think of, uh, a man... "this billionaire's grown kids"... you had to think of Atlanta, you know, Gone with the Wind... [*]. You had to think of [*].)
(Heather: Okay.)
(Alex: All right, you lost... just enough to put you back into second place--)
(Heather: All right.)
(Alex: --so select again.)

Ted Turner

Heather
    $600 12
the Hungarians

Deborah
    $600 24
the National Hurricane Center

Heather
    $600 9
a right-wing conspiracy

Deborah
    $800 4
Tin Cup

Heather
    $800 29
Kronos

Heather
    $800 20
Ron Perelman

Deborah
    $800 13
Black Like Me

Heather
    $800 25
Galveston

Deborah
    $800 14
the right to bear arms

Heather
    $1000 6
Eight Men Out

Andrew
    $1000 30
Rhea

Deborah
    $1000 21
Fidelity Investments

Triple Stumper
    $1000 16
Kristallnacht

Andrew
    $1000 26
(Deborah: What is CuraƧao?)

St. Martin (or St. Maarten)

DeborahAndrew
    $1000 15
Right Honourable

Andrew

Scores at the first commercial break (after clue 16):

Deborah Andrew Heather
$1,400 $3,600 $3,200

Scores at the end of the Jeopardy! Round:

Deborah Andrew Heather
$3,000 $5,400 $5,000

Double Jeopardy! Round responses

WHERE AM I?
TV SHOW ADDRESSES
WRITERS' RELATIVES
INTERNATIONAL "C"UISINE
COMPOSING, DECOMPOSING
10-LETTER WORDS
    $400 18
(Deborah: What is Whittier?)

Yorba Linda

DeborahAndrew
    $400 1
SpongeBob SquarePants

Heather
    $400 11
(Shari) Lewis

Andrew
    $400 2
(Deborah: What is... a... uh... a seashell?)
(Heather: What is a conch?)

a coconut

DeborahHeather
Triple Stumper
    $400 21
Ravel

Andrew
    $400 16
visibility

Triple Stumper
    $800 19
JFK International Airport

Andrew
    $800 4
Frasier Crane

Andrew
    $800 12
Harriet Beecher Stowe

Heather
    $800 3
a clam

Deborah
    $800 24
Sibelius

Andrew
    $800 17
turnaround

Deborah
    $1200 20
Fort Sumter

Deborah
    $1200 8
Beverly Hills, 90210

Heather
    $1200 14
(Andrew: Who is Sinclair?)
(Alex: No.)
(Andrew: [very quickly] Lewis!)
(Alex: Haha, you got it in. Okay, [*].)
[The judges call "No!" from offstage]
(Alex: Whoop. I said "no." Sorry. Okay, so we rule against you, and, Deborah, you can't come in on account of 'cause I did give the full name of the author.)
(Deborah: Okay, that's true.)
(Alex: But you get to pick.)

Sinclair Lewis

Andrew
Triple Stumper
    $1200 5
cucumber

Andrew
    $1200 27
Dvorak

Andrew
    $2,000 22
(Andrew: What is... Berlin?)
...
(Alex: From Mount Washington.)

Pittsburgh

Andrew
    $1600 9
Mary Tyler Moore

Andrew
    $2,600 15
Robert Louis Stevenson

Deborah
    $1600 6
cloves

Heather
    $1600 26
Felix Mendelssohn

Triple Stumper
    $2000 23
the Museum of American History (the American History Museum accepted)

Heather
    $2000 10
the Beverly Hillbillies

Heather
    $2000 13
Shelby Foote

Deborah
    $2000 7
cloudberries

Deborah
    $2000 25
(Georges) Bizet

Triple Stumper
    $2000 28
[The end-of-round signal sounds.]

polychrome

Triple Stumper

Scores at the end of the Double Jeopardy! Round:

Deborah Andrew Heather
$11,600 $9,800 $12,600

[wagering suggestions for these scores]

Final Jeopardy! Round responses

MILITARY TRADITIONS
(Alex: Some people say that it's in honor of the [*] Colonies, but that's not necessarily true. But [*] times is right.)
...
[Heather makes a triangle shape with her thumbs and forefingers and giggles]
(Alex: They fold it twice, and then they start doing the triangulation.)
AndrewWhat is three?
$1,200
DeborahWhat is 13 times?
$4,400
HeatherWhat is three?
$9,801
13

Final scores:

Deborah Andrew Heather
$16,000 $8,600 $2,799
2-day champion: $28,300 2nd place: $2,000 3rd place: $1,000

Game dynamics:

Coryat scores:

Deborah Andrew Heather
$10,600 $11,800 $13,600
13 R
(including 1 DD),
4 W
17 R,
2 W
(including 1 DD)
18 R,
2 W
(including 1 DD)

Combined Coryat: $36,000

[game clues] [game scores] [suggest correction]

Game tape date: 2005-07-21
The J! Archive is created by fans, for fans. Scraping, republication, monetization, and malicious use prohibited; this site may use cookies and collect identifying information. See terms. The Jeopardy! game show and all elements thereof, including but not limited to copyright and trademark thereto, are the property of Jeopardy Productions, Inc. and are protected under law. This website is not affiliated with, sponsored by, or operated by Jeopardy Productions, Inc. Join the discussion at JBoard.tv.